Legends Of The House Cretan Woman/ (Record no. 3073)
[ view plain ]
| 000 -LEADER | |
|---|---|
| fixed length control field | 00752nac a22001931u 4500 |
| 020 ## - INTERNATIONAL STANDARD BOOK NUMBER | |
| International Standard Book Number | 9774246012 |
| 082 ## - DEWEY DECIMAL CLASSIFICATION NUMBER | |
| Classification number | 398.22 |
| Item number | Al105 |
| 090 ## - LOCALLY ASSIGNED LC-TYPE CALL NUMBER (OCLC); LOCAL CALL NUMBER (OCLC) | |
| -- | 3073 |
| -- | 3073 |
| 100 ## - MAIN ENTRY--PERSONAL NAME | |
| Personal name | Al-Kretli ,Sulaiman. |
| 245 ## - TITLE STATEMENT | |
| Title | Legends Of The House Cretan Woman/ |
| Remainder of title | Told By Sheikh Sulaiman Al-Kretli;Put Into English By R.G. John Gayer Anderson. |
| 260 ## - PUBLICATION, DISTRIBUTION, ETC. (IMPRINT) | |
| Place of publication, distribution, etc | Cairo,New York:2001. |
| Name of publisher, distributor, etc | The American University In Cairo, |
| Date of publication, distribution, etc | c.2001. |
| 300 ## - PHYSICAL DESCRIPTION | |
| Extent | 107p.: |
| Other physical details | col;ill; |
| Dimensions | 25cm. |
| 500 ## - GENERAL NOTE | |
| General note | Donations. |
| 500 ## - GENERAL NOTE | |
| General note | Donations - Dr. Mostafa Gouda. |
| 650 ## - SUBJECT ADDED ENTRY--TOPICAL TERM | |
| Topical term or geographic name as entry element | Arabian Legends. |
| 700 ## - ADDED ENTRY--PERSONAL NAME | |
| Personal name | Al-Kretli ,Sulaiman. |
| 942 ## - ADDED ENTRY ELEMENTS (KOHA) | |
| Item type | Book - Borrowing |
| Call number prefix | 398.22 Al105 |
| Withdrawn status | Item status | Damaged status | Not for loan | Home library | Current library | Shelving location | Date acquired | Source of acquisition | Total Checkouts | Full call number | Barcode | Date last seen | Koha item type |
|---|---|---|---|---|---|---|---|---|---|---|---|---|---|
| Central Library | Central Library | First floor | 18/03/2007 | Purchase | 398.22 ALK | 000001120 | 15/07/2025 | Book - Borrowing |